00648nam a2200217Ia 4500003000400000005001700004008004100021020001900062040000700081041000800088082001300096100002800109245005000137260002000187300000900207650003100216700002700247942001300274999001900287952012400306OSt20251212115259.0250729s2005 xx 000 0 und d a978-8188837519 cAL aeng a613 KUMP aKumar Sudarshan9226970 aPrinciples and practice in physical education aNew Delhic2005 a152p aPhysical Education9226971 aRao Digumurthi9226972 2ddccBED c237486d237486 00104070aALbALd2025-07-29eSita Book Houseg8.00l0o613 KUMPpBED02805r2025-07-29 16:55:46v8.00w2025-07-29yBK